Conducting research in psychology : (Record no. 60)
[ view plain ]
| 000 -LEADER | |
|---|---|
| fixed length control field | 01643cam a22003254a 4500 |
| 001 - CONTROL NUMBER | |
| control field | 12681574 |
| 003 - CONTROL NUMBER IDENTIFIER | |
| control field | OSt |
| 005 - DATE AND TIME OF LATEST TRANSACTION | |
| control field | 20210414113842.0 |
| 008 - FIXED-LENGTH DATA ELEMENTS--GENERAL INFORMATION | |
| fixed length control field | 020215s2003 at a b 001 0 eng |
| 010 ## - LIBRARY OF CONGRESS CONTROL NUMBER | |
| LC control number | 2002102410 |
| 020 ## - INTERNATIONAL STANDARD BOOK NUMBER | |
| International Standard Book Number | 0534520936 |
| 035 ## - SYSTEM CONTROL NUMBER | |
| System control number | (DLC) 2002102410 |
| 040 ## - CATALOGING SOURCE | |
| Original cataloging agency | DLC |
| Transcribing agency | DLC |
| Modifying agency | DLC |
| 042 ## - AUTHENTICATION CODE | |
| Authentication code | pcc |
| 050 00 - LIBRARY OF CONGRESS CALL NUMBER | |
| Classification number | BF76.5.P34 |
| 082 00 - DEWEY DECIMAL CLASSIFICATION NUMBER | |
| Classification number | 150/.7/2 |
| Edition number | 21 |
| 100 1# - MAIN ENTRY--PERSONAL NAME | |
| Personal name | Pelham, Brett W., |
| Dates associated with a name | 1961- |
| 245 10 - TITLE STATEMENT | |
| Title | Conducting research in psychology : |
| Remainder of title | measuring the weight of smoke / |
| Statement of responsibility, etc. | Brett W. Pelham, Hart Blanton. |
| 250 ## - EDITION STATEMENT | |
| Edition statement | 2nd ed. |
| 260 ## - PUBLICATION, DISTRIBUTION, ETC. | |
| Place of publication, distribution, etc. | Australia ; |
| -- | Belmont, CA : |
| Name of publisher, distributor, etc. | Thomson/Wadsworth, |
| Date of publication, distribution, etc. | c2003. |
| 300 ## - PHYSICAL DESCRIPTION | |
| Extent | xviii, 411 p. : |
| Other physical details | ill. ; |
| Dimensions | 24 cm. |
| 504 ## - BIBLIOGRAPHY, ETC. NOTE | |
| Bibliography, etc. note | Includes bibliographical references (p. 391-401) and indexes. |
| 505 ## - FORMATTED CONTENTS NOTE | |
| Formatted contents note | Contents: How do we know? -- How do we find out? -- Moving from fact to truth: Validity, reality, and measurement -- How do we misinterpret? Common threats to validity -- Nonexperimental research designs -- Experience carefully planned: Experimental research designs -- Experience carefully exploited: Quasi-experimental research designs -- Research design -- Being a successful researcher -- A Brief course in statistics -- Telling the world about it -- How to describe the results of statistical analyses -- Putting your knowledge to work: 20 Methodology problems -- Appendix |
| 650 #0 - SUBJECT ADDED ENTRY--TOPICAL TERM | |
| Topical term or geographic name entry element | Psychology |
| General subdivision | Research |
| -- | Methodology. |
| 650 #0 - SUBJECT ADDED ENTRY--TOPICAL TERM | |
| Topical term or geographic name entry element | Psychology, Experimental. |
| 700 1# - ADDED ENTRY--PERSONAL NAME | |
| Personal name | Blanton, Hart, |
| Dates associated with a name | 1967- |
| 906 ## - LOCAL DATA ELEMENT F, LDF (RLIN) | |
| a | 7 |
| b | cbc |
| c | orignew |
| d | 2 |
| e | epcn |
| f | 20 |
| g | y-gencatlg |
| 942 ## - ADDED ENTRY ELEMENTS (KOHA) | |
| Source of classification or shelving scheme | Library of Congress Classification |
| Koha item type | Books |
| Withdrawn status | Lost status | Source of classification or shelving scheme | Damaged status | Not for loan | Home library | Current library | Shelving location | Date acquired | Total Checkouts | Full call number | Barcode | Date last seen | Copy number | Price effective from | Koha item type |
|---|---|---|---|---|---|---|---|---|---|---|---|---|---|---|---|
| Library of Congress Classification | WISCONSIN INTERNATIONAL UNIVERSITY COLLEGE, GHANA - MAIN LIBRARY | WISCONSIN INTERNATIONAL UNIVERSITY COLLEGE, GHANA - MAIN LIBRARY | General Stacks | 02/09/2011 | BF76.5.P34 | 123/11 | 02/09/2011 | 1 | 02/09/2011 | Books | |||||
| Library of Congress Classification | WISCONSIN INTERNATIONAL UNIVERSITY COLLEGE, GHANA - MAIN LIBRARY | WISCONSIN INTERNATIONAL UNIVERSITY COLLEGE, GHANA - MAIN LIBRARY | General Stacks | 02/09/2011 | BF76.5.P341 | 124/11 | 02/09/2011 | 2 | 02/09/2011 | Books | |||||
| Library of Congress Classification | WISCONSIN INTERNATIONAL UNIVERSITY COLLEGE, GHANA - MAIN LIBRARY | WISCONSIN INTERNATIONAL UNIVERSITY COLLEGE, GHANA - MAIN LIBRARY | General Stacks | 02/09/2011 | BF76.5.P342 | 125/11 | 02/09/2011 | 3 | 02/09/2011 | Books |
